| 000 | 00581nam a2200193Ia 4500 | ||
|---|---|---|---|
| 003 | GCL | ||
| 008 | 140319s9999 xx 000 0 ara d | ||
| 040 |
_aGCL / _cGCL |
||
| 082 | 0 | 4 |
_a251.15 _bن ا |
| 100 | 1 | _aنادية شريف العمرى | |
| 245 | 1 | 0 |
_aاجتهاد الرسول / _cنادية شريف العمرى |
| 300 | _a384 ص | ||
| 490 | _a | ||
| 650 | 0 | 4 | _aالفقه الاسلامى |
| 650 | 0 | 4 | _aالفقه الاسلامى، اصول |
| 650 | 0 | 4 | _aالسنة - افعال الرسول |
| 650 | 0 | 4 | _aالاجتهاد (فقة اسلامى) |
| 942 |
_2ddc _cBK |
||
| 999 |
_c41699 _d41699 |
||